[Event "35. DSenEM 65+"]
[Site "Bad Wildungen"]
[Date "2023.07.21"]
[Round "5.54"]
[White "Semisch, Helga"]
[Black "Huber, Helmut"]
[Result "0-1"]
[WhiteElo "1408"]
[BlackElo "1661"]
[PlyCount "77"]
[EventDate "2023.??.??"]
[WhiteTeam "SV Schmalkalden 04"]
[BlackTeam "Brackweder Schachklub von 1924"]

1. d4 Nf6 2. e3 g6 3. Nd2 Bg7 4. Bd3 d6 5. f4 O-O 6. Ngf3 c5 7. c3 cxd4 8. cxd4 Nc6 9. a3 Re8 10. O-O e5 11. Ne4 exd4 12. Nxf6+ Qxf6 13. e4 Bg4 14. Qc2 Rac8 15. Qb3 Qe7 16. Bd2 Be6 17. Qd1 Bg4 18. h3 Bd7 19. f5 Ne5 20. Bb1 Bb5 21. Rf2 Nc4 22. Bg5 Bf6 23. Bxf6 Qxf6 24. Qb3 Ba6 25. Bd3 Rc6 26. Bxc4 Rxc4 27. Re1 Rec8 28. Rd2 d3 29. Rxd3 Rc1 30. Rdd1 R1c2 31. Qb4 Qxb2 32. Qxd6 Rxg2+ 33. Kh1 Be2 34. Rd2 Rc2 35. Kxg2 Bxf3+ 36. Kxf3 Rxd2 37. Qe7 Rf2+ 38. Kg3 Rg2+ 39. Kh4 0-1

[Event "35. DSenEM 65+"]
[Site "Bad Wildungen"]
[Date "2023.07.21"]
[Round "5.55"]
[White "Geibel, Henning"]
[Black "Ross, Heinrich"]
[Result "1/2-1/2"]
[WhiteElo "1384"]
[BlackElo "1602"]
[PlyCount "54"]
[EventDate "2023.??.??"]
[WhiteTeam "Ahrensburger TSV"]
[BlackTeam "SG Springer Burghaun"]

1. e4 e5 2. Nf3 Nc6 3. Bb5 a6 4. Bxc6 dxc6 5. d3 Bg4 6. h3 Bxf3 7. Qxf3 Qd7 8. O-O h6 9. Nd2 Nf6 10. Nc4 Qe6 11. Qf5 Bd6 12. Qxe6+ fxe6 13. Na5 O-O 14. Nxb7 Rab8 15. Na5 c5 16. Nc4 Rf7 17. Nxd6 cxd6 18. b3 Rbf8 19. Ba3 a5 20. c3 Rd8 21. b4 axb4 22. cxb4 Ra8 23. Bc1 cxb4 24. Bd2 Rb7 25. Rfb1 Ra4 26. f4 exf4 27. Bxf4 e5 1/2-1/2

[Event "35. DSenEM 65+"]
[Site "Bad Wildungen"]
[Date "2023.07.22"]
[Round "6.1"]
[White "Schulz, Michael"]
[Black "Heinig, Wolfram"]
[Result "1/2-1/2"]
[WhiteElo "2229"]
[BlackElo "2217"]
[PlyCount "20"]
[EventDate "2023.??.??"]
[WhiteTeam "SC Zitadelle Spandau 1977 e.V."]
[BlackTeam "SK Zehlendorf e.V."]

1. e4 c6 2. d4 d5 3. exd5 cxd5 4. Bd3 Nf6 5. Bf4 Nc6 6. c3 Bg4 7. Qb3 Qd7 8. Nd2 e6 9. Ngf3 Bxf3 10. Nxf3 Bd6 1/2-1/2

[Event "35. DSenEM 65+"]
[Site "Bad Wildungen"]
[Date "2023.07.22"]
[Round "6.2"]
[White "Schmid, Wolfgang"]
[Black "Ackermann, Hans Werner"]
[Result "1/2-1/2"]
[WhiteElo "2100"]
[BlackElo "2191"]
[PlyCount "109"]
[EventDate "2023.??.??"]
[WhiteTeam "Stuttgarter SF 1879"]
[BlackTeam "Hammer Sportclub 2008 e. V."]

1. e4 c5 2. Nf3 d6 3. d4 cxd4 4. Qxd4 Nc6 5. Bb5 a6 6. Bxc6+ bxc6 7. c4 e5 8. Qd3 Ne7 9. Nc3 c5 10. O-O Ra7 11. Bd2 Nc6 12. Nd5 a5 13. a4 Be7 14. Nc3 O-O 15. Nb5 Ra6 16. Bc3 f5 17. Nd2 Nd4 18. f3 Kh8 19. Rae1 Bg5 20. Nb1 Be6 21. Bd2 Bxd2 22. Nxd2 f4 23. Nb1 Qb6 24. N1c3 Raa8 25. Nxd4 cxd4 26. Nb5 Bd7 27. Rf2 Rac8 28. Rc2 g5 29. Kf2 g4 30. Ke2 Rg8 31. Kd1 Rc5 32. Kc1 Be6 33. b3 Bd7 34. Kb2 Rg6 35. Rf1 Rc8 36. g3 fxg3 37. hxg3 gxf3 38. Rxf3 Rcg8 39. Rcf2 Qd8 40. Qf1 Qg5 41. Rf8 Bxb5 42. axb5 Qxg3 43. Rxg8+ Rxg8 44. Rf8 Qc3+ 45. Ka3 Qb4+ 46. Ka2 Qd2+ 47. Kb1 Qh6 48. Rxg8+ Kxg8 49. Qg2+ Kf7 50. Qg4 Qh1+ 51. Kb2 Qh2+ 52. Ka3 Qh1 53. Qd7+ Kg8 54. Qe8+ Kg7 55. Qe7+ 1/2-1/2

[Event "35. DSenEM 65+"]
[Site "Bad Wildungen"]
[Date "2023.07.22"]
[Round "6.3"]
[White "Namyslo, Holger"]
[Black "Gruzmann, Boris"]
[Result "1/2-1/2"]
[WhiteElo "2085"]
[BlackElo "2162"]
[PlyCount "60"]
[EventDate "2023.??.??"]
[WhiteTeam "TG Biberach 1847 e.V."]
[BlackTeam "Luebecker SV von 1873"]

1. e4 c5 2. Nf3 d6 3. d4 cxd4 4. Nxd4 Nf6 5. Nc3 a6 6. Bg5 e6 7. f4 Be7 8. Qf3 Nbd7 9. Bd3 h6 10. Bh4 Qc7 11. O-O-O g5 12. fxg5 Ne5 13. Qe2 Nfg4 14. Qd2 Rg8 15. Kb1 hxg5 16. Bg3 Bd7 17. Qe2 Qb6 18. Nf3 Bf6 19. Nxe5 Bxe5 20. Bxe5 Nxe5 21. h4 gxh4 22. Rxh4 O-O-O 23. Rdh1 Rg3 24. R4h3 Rdg8 25. Rxg3 Rxg3 26. a3 Kc7 27. Ka2 Qe3 28. Qxe3 Rxe3 29. Rh3 Re1 30. Be2 Bc6 1/2-1/2

[Event "35. DSenEM 65+"]
[Site "Bad Wildungen"]
[Date "2023.07.22"]
[Round "6.4"]
[White "Hassenrueck, Helmut"]
[Black "Szenetra, Werner"]
[Result "1/2-1/2"]
[WhiteElo "2162"]
[BlackElo "2160"]
[PlyCount "59"]
[EventDate "2023.??.??"]
[WhiteTeam "Schachgesellschaft-Gladbeck 19/2"]
[BlackTeam "SV Berenbostel"]

1. d4 d6 2. e4 g6 3. Nc3 Bg7 4. f4 a6 5. Nf3 b5 6. Bd3 Nd7 7. e5 c5 8. Ng5 Nh6 9. e6 Nf6 10. dxc5 Bxe6 11. Nxe6 fxe6 12. Qe2 Kf7 13. cxd6 exd6 14. O-O Re8 15. a4 b4 16. Ne4 Nxe4 17. Qxe4 Rb8 18. a5 Nf5 19. Bxa6 d5 20. Qe1 Ra8 21. Bb5 Re7 22. Bd3 Rxa5 23. Rxa5 Qxa5 24. g4 Qc5+ 25. Kh1 Nd4 26. Be3 Qc6 27. Qf2 Nb5 28. Kg1 Kg8 29. Qh4 Re8 30. Qf2 1/2-1/2

[Event "35. DSenEM 65+"]
[Site "Bad Wildungen"]
[Date "2023.07.22"]
[Round "6.5"]
[White "Chevelevitch, Evgueni"]
[Black "Kyas, Juergen"]
[Result "1-0"]
[WhiteElo "2368"]
[BlackElo "2139"]
[PlyCount "115"]
[EventDate "2023.??.??"]
[WhiteTeam "Hamburger SK von 1830 eV"]
[BlackTeam "SV Eiche Reichenbrand"]

1. e4 c5 2. Nf3 Nc6 3. d4 cxd4 4. Nxd4 g6 5. c4 Nf6 6. Nc3 d6 7. Be2 Nxd4 8. Qxd4 Bg7 9. O-O O-O 10. Qd3 Be6 11. Be3 Nd7 12. b3 Qa5 13. Bd2 Ne5 14. Qg3 Nc6 15. Rac1 Rac8 16. Rfd1 f5 17. exf5 Bxf5 18. Bg4 Kh8 19. Bxf5 Qxf5 20. Be3 Be5 21. Qh4 Bf4 22. Bxf4 Qxf4 23. Qxf4 Rxf4 24. Nd5 Re4 25. Re1 Rxe1+ 26. Rxe1 e5 27. f4 Kg7 28. Kf2 exf4 29. Nxf4 Ne5 30. Rd1 Rc6 31. h3 Kf7 32. Ke3 Ke7 33. Nd5+ Ke6 34. Rf1 Nd7 35. Kf4 Ne5 36. Ke4 Rc8 37. Rf6+ Kd7 38. Rf2 Ke6 39. Rf6+ Kd7 40. g4 b6 41. Kf4 b5 42. cxb5 Rc5 43. Ke4 Rxb5 44. Rf8 Rb7 45. b4 a5 46. bxa5 Ra7 47. Ra8 Rxa8 48. Nb6+ Kc6 49. Nxa8 Nc4 50. a6 d5+ 51. Kd3 Na3 52. Kc3 Nb5+ 53. Kd3 Na3 54. g5 Nb5 55. a4 Na7 56. Kd4 Nc8 57. a5 Na7 58. Nb6 1-0

[Event "35. DSenEM 65+"]
[Site "Bad Wildungen"]
[Date "2023.07.22"]
[Round "6.6"]
[White "Brueggemann, Joachim"]
[Black "Babrikowski, Peter"]
[Result "0-1"]
[WhiteElo "2287"]
[BlackElo "2127"]
[PlyCount "118"]
[EventDate "2023.??.??"]
[WhiteTeam "Erfurter Schachklub"]
[BlackTeam "SV Schott Jena"]

1. e4 c6 2. d4 d5 3. Nc3 g6 4. h3 Bg7 5. Nf3 dxe4 6. Nxe4 Nf6 7. Nxf6+ Bxf6 8. c3 O-O 9. Bc4 Nd7 10. O-O Nb6 11. Bb3 Bf5 12. Re1 Qd6 13. Qe2 Rae8 14. Bh6 Bg7 15. Bg5 Bf6 16. Rad1 Nd5 17. Bh6 Bg7 18. Qd2 Qf6 19. c4 Bxh6 20. Qxh6 Nc7 21. Ng5 Qg7 22. Qh4 h6 23. Nf3 g5 24. Qg3 Ne6 25. c5 Nf4 26. h4 Nh5 27. Qe5 Bg4 28. Re3 e6 29. Rd2 Bxf3 30. Rxf3 Qxe5 31. dxe5 Rd8 32. Rfd3 Rxd3 33. Rxd3 Nf4 34. Rd7 Rb8 35. hxg5 hxg5 36. Bc2 Kf8 37. Rd2 Ke7 38. g3 Nd5 39. a3 Rd8 40. Kh2 Rh8+ 41. Kg2 Rh5 42. Bd1 Rh7 43. Re2 f5 44. exf6+ Kxf6 45. Bc2 Rd7 46. Kf3 Ne7 47. b4 Nf5 48. Kg4 Rd4+ 49. Be4 Rd1 50. f4 gxf4 51. Kxf4 Rf1+ 52. Bf3 e5+ 53. Kg4 Nh6+ 54. Kh5 Rxf3 55. Kxh6 Rxg3 56. Rf2+ Ke6 57. Rf8 e4 58. b5 cxb5 59. Rb8 e3 0-1

[Event "35. DSenEM 65+"]
[Site "Bad Wildungen"]
[Date "2023.07.22"]
[Round "6.7"]
[White "Partenheimer, Axel"]
[Black "Podat, Vladimir"]
[Result "1/2-1/2"]
[WhiteElo "2123"]
[BlackElo "2265"]
[PlyCount "55"]
[EventDate "2023.??.??"]
[WhiteTeam "Duesseldorfer Schachklub 14/25 e"]
[BlackTeam "SC Untergrombach 46"]

1. Nf3 g6 2. d4 Bg7 3. g3 Nf6 4. Bg2 c5 5. c3 Na6 6. O-O d5 7. Bf4 O-O 8. Be5 Qb6 9. Qb3 Qxb3 10. axb3 cxd4 11. Nxd4 b6 12. b4 Bb7 13. Nf3 Nc7 14. Rd1 Rfd8 15. h3 Nfe8 16. Bxg7 Kxg7 17. e3 Nd6 18. Bf1 f6 19. Nd4 a6 20. b5 a5 21. Bg2 Kf7 22. c4 e5 23. Ne2 f5 24. Nbc3 e4 25. Na4 Nc8 26. c5 bxc5 27. Nxc5 Rb8 28. Nd4 1/2-1/2

[Event "35. DSenEM 65+"]
[Site "Bad Wildungen"]
[Date "2023.07.22"]
[Round "6.8"]
[White "Schmidt, Bodo"]
[Black "Rydzewski, Klaus"]
[Result "1/2-1/2"]
[WhiteElo "2262"]
[BlackElo "2089"]
[PlyCount "56"]
[EventDate "2023.??.??"]
[WhiteTeam "SC 1919 Siegburg e. V."]
[BlackTeam "Schachverein Horst-Emscher 31"]

1. b3 e5 2. Bb2 d6 3. e3 Nc6 4. c4 Nf6 5. Nc3 Be6 6. Nf3 h6 7. Be2 Be7 8. d4 exd4 9. Nxd4 Nxd4 10. Qxd4 O-O 11. Bf3 c6 12. Ne4 Qc7 13. O-O Rfd8 14. Rac1 Ne8 15. Rfd1 d5 16. Nc5 Bxc5 17. Qxc5 dxc4 18. bxc4 Rxd1+ 19. Bxd1 b6 20. Qa3 Rd8 21. c5 b5 22. Bc3 a5 23. Qb2 a4 24. Bf3 Bd5 25. e4 Bc4 26. g3 Qe7 27. Bb4 Rd7 28. Kg2 Nc7 1/2-1/2

[Event "35. DSenEM 65+"]
[Site "Bad Wildungen"]
[Date "2023.07.22"]
[Round "6.9"]
[White "Schaefer, Martin"]
[Black "Juhnke, Juergen"]
[Result "0-1"]
[WhiteElo "1929"]
[BlackElo "2253"]
[PlyCount "74"]
[EventDate "2023.??.??"]
[WhiteTeam "SG Ennepe-Ruhr-Sued e.V."]
[BlackTeam "HSK Lister Turm"]

1. d4 Nf6 2. c4 g6 3. Nc3 Bg7 4. e4 d6 5. Be2 O-O 6. h4 h5 7. Bg5 Nc6 8. Qd2 e5 9. d5 Nd4 10. Bd3 c5 11. dxc6 bxc6 12. Nge2 Qa5 13. O-O Be6 14. Rfd1 Rab8 15. Rab1 Qc7 16. b4 Nd7 17. Bh6 c5 18. a3 cxb4 19. axb4 Bxh6 20. Qxh6 Bxc4 21. Nxd4 exd4 22. Bxc4 Qxc4 23. Nd5 Rfe8 24. Rbc1 Qe2 25. Re1 Qg4 26. Rc7 Rxe4 27. Rec1 Rbe8 28. Rc8 Qxh4 29. g3 Qh3 30. Rxe8+ Rxe8 31. Rc8 Qe6 32. Qg5 Rxc8 33. Ne7+ Kg7 34. Nxc8 d3 35. Qd2 Qe2 36. Qc3+ Ne5 37. Nxd6 d2 0-1

[Event "35. DSenEM 65+"]
[Site "Bad Wildungen"]
[Date "2023.07.22"]
[Round "6.10"]
[White "Pruefer, Friedbert"]
[Black "Knaak, Joachim"]
[Result "1-0"]
[WhiteElo "2235"]
[BlackElo "2121"]
[PlyCount "77"]
[EventDate "2023.??.??"]
[WhiteTeam "TSG 1861 Taucha"]
[BlackTeam "SV Dresden-Leuben"]

1. d4 d5 2. Bf4 e6 3. e3 c5 4. c3 Nf6 5. Nd2 Bd6 6. Bg3 Nc6 7. Ngf3 O-O 8. Bd3 b6 9. Qe2 cxd4 10. exd4 Bb7 11. Ne5 Ne7 12. Bh4 Ng6 13. Bxg6 hxg6 14. O-O Qc7 15. Rfe1 Rfe8 16. Bg3 Rac8 17. Qe3 Ne4 18. Nd3 Nxg3 19. hxg3 Ba6 20. Ne5 Bxe5 21. dxe5 Qc5 22. Qf4 Qb5 23. Nb3 Rc4 24. Qd2 Qd7 25. Nd4 Rec8 26. Kh2 Qe7 27. Qf4 Re8 28. Qg4 Bc8 29. Rh1 f6 30. f4 Kf7 31. Kg1 Bd7 32. Re1 Rcc8 33. exf6 Qxf6 34. Nf3 Qf5 35. Qh4 Rg8 36. Ne5+ Ke8 37. Qh7 Ke7 38. Nxg6+ Kd6 39. Ne7 1-0

[Event "35. DSenEM 65+"]
[Site "Bad Wildungen"]
[Date "2023.07.22"]
[Round "6.11"]
[White "Buchal, Stephan"]
[Black "Neumann, Joachim"]
[Result "1-0"]
[WhiteElo "2211"]
[BlackElo "2032"]
[Annotator "hugo5"]
[PlyCount "51"]
[EventDate "2023.??.??"]
[WhiteTeam "SAbt SV Werder Bremen"]
[BlackTeam "SC Agon Neumuenster"]

{[%evp 0,43,19,-12,11,2,18,19,18,4,6,4,47,27,41,30,58,34,41,29,25,28,44,48,48,48,60,33,-1,5,0,28,9,13,126,129,249,258,204,174,190,190,210,214,320,288]} 1. c4 c5 2. g3 g6 3. Bg2 Bg7 4. Nc3 Nc6 5. Nf3 e5 6. O-O d6 7. a3 a5 8. Ne1 Be6 9. d3 Nge7 10. Nc2 d5 11. cxd5 Nxd5 12. Ne3 Nde7 13. Nc4 O-O 14. Bg5 f6 15. Be3 b6 16. Qa4 Bd7 17. Qb3 a4 18. Qxb6 Nd4 19. Qxc5 Nb3 20. Qd6 Nxa1 21. Bxa8 Nc2 22. Bc5 Rf7 23. Bd5 Nxd5 24. Qxd5 Bf8 25. Bxf8 Kxf8 26. e3 1-0

[Event "35. DSenEM 65+"]
[Site "Bad Wildungen"]
[Date "2023.07.22"]
[Round "6.12"]
[White "Salov, Sergej"]
[Black "Paus, Franz"]
[Result "1-0"]
[WhiteElo "2162"]
[BlackElo "2014"]
[PlyCount "31"]
[EventDate "2023.??.??"]
[WhiteTeam "Luebecker SV von 1873"]
[BlackTeam "Schachfuechse Kempen 1986 e. V."]

1. e4 d6 2. d4 Nf6 3. Nc3 g6 4. f4 Bg7 5. Nf3 O-O 6. Bd3 c6 7. O-O Nbd7 8. e5 Nd5 9. Nxd5 cxd5 10. Qe1 Re8 11. e6 Nf8 12. exf7+ Kxf7 13. Ng5+ Kg8 14. f5 Bxd4+ 15. Kh1 e5 16. f6 1-0

[Event "35. DSenEM 65+"]
[Site "Bad Wildungen"]
[Date "2023.07.22"]
[Round "6.13"]
[White "Schumacher, Gottfried"]
[Black "Falk, Thomas"]
[Result "1/2-1/2"]
[WhiteElo "2147"]
[BlackElo "1996"]
[PlyCount "36"]
[EventDate "2023.??.??"]
[WhiteTeam "Bad Neuenahr"]
[BlackTeam "SV Oberursel"]

1. d4 Nf6 2. c4 c5 3. Nf3 cxd4 4. Nxd4 Nc6 5. Nc3 g6 6. e3 Bg7 7. Be2 O-O 8. O-O d6 9. b3 Bd7 10. Bb2 Qa5 11. Qd2 Rfc8 12. Rad1 Qd8 13. h3 Rab8 14. f4 a6 15. Kh2 b5 16. Nd5 Nxd5 17. Nxc6 Rxc6 18. cxd5 Rc7 1/2-1/2

[Event "35. DSenEM 65+"]
[Site "Bad Wildungen"]
[Date "2023.07.22"]
[Round "6.14"]
[White "Keller, Harald"]
[Black "Krueger, Erich"]
[Result "0-1"]
[WhiteElo "2040"]
[BlackElo "2146"]
[PlyCount "70"]
[EventDate "2023.??.??"]
[WhiteTeam "SV Rottweil"]
[BlackTeam "Schachfreunde Essen-Katernberg"]

1. e4 c6 2. d4 d5 3. e5 Bf5 4. Nd2 e6 5. Nb3 Nd7 6. Nf3 Ne7 7. Be3 a5 8. a4 Bg6 9. Be2 Nf5 10. O-O Be7 11. Bd3 O-O 12. Qe2 Qc7 13. Kh1 c5 14. dxc5 Nxe3 15. Qxe3 Nxc5 16. Bxg6 hxg6 17. Nbd4 Ne4 18. c3 Rac8 19. Nb5 Qb8 20. Rfe1 Rc4 21. Nfd4 Bg5 22. f4 Be7 23. Rf1 Bc5 24. Rf3 Qe8 25. g4 Bxd4 26. Nxd4 Rxa4 27. Raf1 Ra2 28. f5 exf5 29. gxf5 Qxe5 30. fxg6 Rxb2 31. Ne2 Rxe2 32. gxf7+ Rxf7 33. Qxe2 Ng3+ 34. hxg3 Qxe2 35. Rxf7 Qh5+ 0-1

[Event "35. DSenEM 65+"]
[Site "Bad Wildungen"]
[Date "2023.07.22"]
[Round "6.15"]
[White "Heinemann, Ernst"]
[Black "Zuehlke, Burkhard"]
[Result "1-0"]
[WhiteElo "2100"]
[BlackElo "1980"]
[PlyCount "117"]
[EventDate "2023.??.??"]
[WhiteTeam "SK Union Oldenburg"]
[BlackTeam "SGem 1882 Fuerth"]

1. e4 d6 2. f4 Nf6 3. d3 g6 4. Nf3 Bg7 5. Be2 O-O 6. O-O Bg4 7. c3 c5 8. Be3 c4 9. Nbd2 cxd3 10. Bxd3 Nc6 11. h3 Bxf3 12. Qxf3 e5 13. Rad1 exf4 14. Qxf4 Nh5 15. Qf2 Be5 16. Bh6 Bg7 17. Bxg7 Nxg7 18. Nc4 Ne5 19. Be2 Nxc4 20. Bxc4 Qc7 21. Bb3 b6 22. Qf6 Ne8 23. Qf3 Rc8 24. Kh1 Qe7 25. Rd2 Rc7 26. Qf4 Kg7 27. Rfd1 f5 28. exf5 Rxf5 29. Qd4+ Qe5 30. Ba4 Re7 31. Bxe8 Rxe8 32. Qxd6 Re7 33. Qxe5+ Rfxe5 34. Kg1 Kh6 35. Rd4 Kg7 36. R1d2 Kf7 37. Rd7 R5e6 38. Rxe7+ Rxe7 39. Kf2 Kf6 40. Rd3 g5 41. a4 h5 42. Rf3+ Kg6 43. Re3 Rf7+ 44. Ke2 Rd7 45. b4 h4 46. Re8 Kf7 47. Re4 Kf6 48. Rd4 Rc7 49. Kd3 Kf5 50. c4 Ke5 51. Ke3 Kf6 52. Ke4 Re7+ 53. Kd5 Kf5 54. c5 bxc5 55. bxc5 Re6 56. Kc4 a6 57. Kd5 Re5+ 58. Kd6 Re6+ 59. Kd7 1-0

[Event "35. DSenEM 65+"]
[Site "Bad Wildungen"]
[Date "2023.07.22"]
[Round "6.16"]
[White "Koehler, Gerhard"]
[Black "Bischoff, Ulrich"]
[Result "1-0"]
[WhiteElo "2185"]
[BlackElo "1912"]
[PlyCount "147"]
[EventDate "2023.??.??"]
[WhiteTeam "USV Halle"]
[BlackTeam "Sfr. Erbach"]

1. c4 Nf6 2. Nc3 e6 3. Nf3 d5 4. d4 dxc4 5. e3 c5 6. Bxc4 a6 7. O-O b5 8. Be2 Bb7 9. Ne5 Nbd7 10. Bf3 Bxf3 11. Qxf3 Nxe5 12. dxe5 Nd7 13. Qg3 Qc7 14. f4 Qc6 15. b3 h5 16. Bb2 h4 17. Qf3 Qxf3 18. gxf3 O-O-O 19. a4 b4 20. Ne4 Nb6 21. Rfc1 Kb8 22. a5 Nd5 23. Kf2 Be7 24. Rc4 f5 25. exf6 gxf6 26. Rg1 Rhg8 27. Rg4 f5 28. Be5+ Kb7 29. Rxg8 Rxg8 30. Ng5 Bxg5 31. fxg5 Rxg5 32. Rxh4 Rg8 33. Rc4 Rc8 34. h4 Kc6 35. h5 Ne7 36. Bf6 Kd6 37. Ke2 e5 38. Rh4 Rf8 39. Bxe7+ Kxe7 40. Kd3 Kf6 41. Kc4 Kg5 42. Rh2 Kh6 43. Kxc5 Rb8 44. Kc4 Rb5 45. Rd2 Rxa5 46. Kxb4 Ra1 47. Rd5 Kxh5 48. Rxe5 Kg6 49. f4 Kf6 50. Kc3 Ra2 51. Kb4 Ra1 52. Kc5 Rc1+ 53. Kb4 Ra1 54. Kc3 Ra2 55. Re8 Kf7 56. Ra8 Re2 57. Ra7+ Ke8 58. Kd3 Rb2 59. Rb7 Rb1 60. Kd4 a5 61. Rb5 Rd1+ 62. Kc3 Rc1+ 63. Kd2 Rb1 64. Rxf5 Rxb3 65. Rxa5 Kf7 66. Ra6 Ke7 67. Ke2 Kf7 68. Kf3 Ke7 69. f5 Kf7 70. Kf4 Rb1 71. e4 Rb5 72. e5 Rb1 73. Ra7+ Ke8 74. Kg5 1-0

[Event "35. DSenEM 65+"]
[Site "Bad Wildungen"]
[Date "2023.07.22"]
[Round "6.17"]
[White "Walther, Reinhard"]
[Black "Brock, Friedemann"]
[Result "1-0"]
[WhiteElo "1953"]
[BlackElo "2175"]
[PlyCount "79"]
[EventDate "2023.??.??"]
[WhiteTeam "SK 1911 Herzogenaurach e.V."]
[BlackTeam "TSG 1861 Taucha"]

1. d4 Nf6 2. Bg5 d5 3. e3 Nbd7 4. Nf3 c5 5. c3 b6 6. Bb5 Bb7 7. dxc5 bxc5 8. Ne5 Qa5 9. Qa4 Qxa4 10. Bxa4 Bc8 11. Nd2 e6 12. Ndf3 Ne4 13. Bf4 f6 14. Bc6 fxe5 15. Bxe5 Bd6 16. Bxd6 Nxd6 17. Bxa8 Nb6 18. Bc6+ Kd8 19. Ne5 Kc7 20. a4 a6 21. a5 Nbc4 22. Nxc4 Nxc4 23. b3 Nb2 24. Ba4 Nd3+ 25. Ke2 c4 26. bxc4 dxc4 27. Bc2 Nc5 28. Rhd1 Bd7 29. f3 Bc6 30. Rd4 e5 31. Rg4 g6 32. Rh4 h5 33. Kf2 e4 34. Rf4 Rd8 35. Rd1 Rxd1 36. Bxd1 Nd3+ 37. Kg3 Nxf4 38. Kxf4 exf3 39. Bxf3 Bxf3 40. gxf3 1-0

[Event "35. DSenEM 65+"]
[Site "Bad Wildungen"]
[Date "2023.07.22"]
[Round "6.18"]
[White "Schober, Ralf"]
[Black "Vasiljev, Jurij"]
[Result "1-0"]
[WhiteElo "2089"]
[BlackElo "1953"]
[PlyCount "49"]
[EventDate "2023.??.??"]
[WhiteTeam "SV 1919 Grimma"]
[BlackTeam "Schachfreunde Moers e. V."]

1. e4 d6 2. d4 Nf6 3. Nc3 c6 4. f4 Qa5 5. Bd3 e5 6. Nf3 Bg4 7. dxe5 dxe5 8. fxe5 Bxf3 9. Qxf3 Qxe5 10. Bf4 Qa5 11. O-O Bc5+ 12. Kh1 O-O 13. Qh3 h6 14. Bxh6 Bd4 15. Bd2 Qh5 16. Qxh5 Nxh5 17. Ne2 Bb6 18. e5 g6 19. e6 f5 20. g4 Ng7 21. Bc4 Re8 22. Ng3 Bc7 23. gxf5 gxf5 24. Nxf5 b5 25. Rg1 1-0

[Event "35. DSenEM 65+"]
[Site "Bad Wildungen"]
[Date "2023.07.22"]
[Round "6.19"]
[White "Kannenberg, Karl-Heinz"]
[Black "Krien, Hartmut"]
[Result "1-0"]
[WhiteElo "2081"]
[BlackElo "1943"]
[PlyCount "75"]
[EventDate "2023.??.??"]
[WhiteTeam "SC Kitzingen von 1905"]
[BlackTeam "Schachklub Heidenau"]

1. d4 d5 2. Nf3 c6 3. Bf4 e6 4. e3 f5 5. c4 Nf6 6. Bd3 Be7 7. Nc3 O-O 8. O-O Ne4 9. Qc2 g5 10. Bxb8 Rxb8 11. Ne5 Bd6 12. f4 g4 13. g3 Bxe5 14. fxe5 Ng5 15. Rfd1 Nf3+ 16. Kh1 Qg5 17. Qf2 dxc4 18. Bxc4 b5 19. Be2 Bb7 20. Bxf3 gxf3 21. b4 Ba8 22. Nb1 Qd8 23. Nd2 Qd5 24. Rdc1 c5 25. Rxc5 Qd7 26. Kg1 Kh8 27. Rac1 Rbc8 28. Nb3 Rxc5 29. Rxc5 Qb7 30. d5 exd5 31. Nd4 Qg7 32. Ne6 Qxe5 33. Nxf8 Qe8 34. Qb2+ Kg8 35. Qc3 d4 36. Qxd4 Qxf8 37. Qd7 Qf7 38. Rc8+ 1-0

[Event "35. DSenEM 65+"]
[Site "Bad Wildungen"]
[Date "2023.07.22"]
[Round "6.20"]
[White "Steinmacher, Josef"]
[Black "Schmidt, Gerhard"]
[Result "1/2-1/2"]
[WhiteElo "1949"]
[BlackElo "2071"]
[PlyCount "44"]
[EventDate "2023.??.??"]
[WhiteTeam "SF Bad Mergentheim"]
[BlackTeam "Schachverein Kreuztal e. V."]

1. d4 Nf6 2. Nf3 g6 3. Nbd2 d5 4. e3 Bg7 5. Bd3 O-O 6. O-O c5 7. c3 Nbd7 8. Re1 Qc7 9. a3 a5 10. a4 Rd8 11. Qe2 e5 12. dxe5 Nxe5 13. Nxe5 Qxe5 14. e4 Bg4 15. f3 Be6 16. exd5 Qxe2 17. Bxe2 Bxd5 18. Nc4 Ra6 19. Bg5 Re6 20. Bf1 Ra8 21. Kf2 Bc6 22. Rxe6 fxe6 1/2-1/2

[Event "35. DSenEM 65+"]
[Site "Bad Wildungen"]
[Date "2023.07.22"]
[Round "6.21"]
[White "Haubt, Georg"]
[Black "Nosek, Reinhard"]
[Result "1-0"]
[WhiteElo "2074"]
[BlackElo "1933"]
[PlyCount "25"]
[EventDate "2023.??.??"]
[WhiteTeam "SV Oberursel"]
[BlackTeam "SSV 1952 Torgau e. V."]

1. d4 Nf6 2. Bf4 g6 3. Nc3 Bg7 4. Qd2 h5 5. e4 d5 6. f3 c5 7. dxc5 e5 8. Bxe5 Nc6 9. Bd6 dxe4 10. Nb5 Bf5 11. Nc7+ Kd7 12. Nxa8 Qxa8 13. Bf8+ 1-0

[Event "35. DSenEM 65+"]
[Site "Bad Wildungen"]
[Date "2023.07.22"]
[Round "6.22"]
[White "Mann, Klaus-Dieter"]
[Black "Ehlert, Horst"]
[Result "1/2-1/2"]
[WhiteElo "1908"]
[BlackElo "2001"]
[PlyCount "109"]
[EventDate "2023.??.??"]
[WhiteTeam "SV Osnabrueck von 1919"]
[BlackTeam "SV Laatzen"]

1. c4 e6 2. g3 d5 3. Bg2 Nf6 4. cxd5 exd5 5. d4 Bd6 6. Nc3 c6 7. Nf3 Nbd7 8. O-O O-O 9. b3 Re8 10. e3 Nf8 11. Bb2 Ng6 12. Qc1 h5 13. h3 Bf5 14. Kh1 Qe7 15. Ng1 Rad8 16. a3 Bb8 17. Qd2 Qc7 18. f4 Re7 19. Rae1 Qd7 20. Qf2 Rde8 21. Qd2 a5 22. Bc1 Qc7 23. Nf3 Qb6 24. Qb2 Ne4 25. Nxe4 Bxe4 26. Bd2 a4 27. b4 f6 28. Qc3 Bd6 29. Ng1 Qb5 30. Rf2 Qc4 31. Rc1 Qb5 32. Nf3 Qa6 33. Kh2 Qb6 34. Ne1 Qa6 35. Bf1 Qb6 36. Nd3 Qa7 37. Nc5 Bxc5 38. bxc5 Nf8 39. Ra1 g6 40. Ra2 Kg7 41. Rb2 Ra8 42. Rb6 Nd7 43. Rb4 f5 44. Bc1 Nf6 45. Rfb2 Rh8 46. h4 Bf3 47. Bh3 Bd1 48. Qe1 Bb3 49. Kg1 Re4 50. Rb6 Qa8 51. Rf2 Qc8 52. Rf3 Re6 53. Qc3 Bd1 54. Rf1 Bb3 55. Rf3 1/2-1/2

[Event "35. DSenEM 65+"]
[Site "Bad Wildungen"]
[Date "2023.07.22"]
[Round "6.23"]
[White "Fleischer, Matthias"]
[Black "Gollasch, Theo-Heinz"]
[Result "0-1"]
[WhiteElo "1849"]
[BlackElo "1997"]
[PlyCount "110"]
[EventDate "2023.??.??"]
[WhiteTeam "SF Schwerin"]
[BlackTeam "Hamburger SK von 1830 eV"]

1. d4 d5 2. Nf3 Nf6 3. Bg5 e6 4. e3 h6 5. Bh4 Be7 6. Bd3 c5 7. c3 Nc6 8. Nbd2 O-O 9. Bg3 Nd7 10. O-O c4 11. Bc2 f5 12. Ne1 Nf6 13. f3 b5 14. e4 b4 15. exf5 exf5 16. Ba4 Qb6 17. Qe2 Re8 18. Qf2 Bd7 19. Rb1 Qa5 20. Bxc6 Bxc6 21. Rc1 Qxa2 22. Nb1 b3 23. Be5 Qa5 24. g3 Rf8 25. Ng2 Nd7 26. Rfe1 Nxe5 27. Rxe5 Bd6 28. Re6 Qc7 29. Nh4 Bd7 30. Re2 Kh7 31. f4 a5 32. Qf3 Qc6 33. Rce1 Rae8 34. Qh5 Rxe2 35. Qg6+ Kg8 36. Rxe2 Rf6 37. Qh5 Kh7 38. Nf3 g6 39. Qh3 Kg7 40. Ne5 Qb7 41. Qg2 a4 42. Qf2 h5 43. Qe1 Qc7 44. Nxd7 Qxd7 45. Re8 Rf8 46. Re2 Kf7 47. Nd2 Re8 48. Nf3 Rxe2 49. Qxe2 Qe6 50. Ne5+ Bxe5 51. fxe5 Qb6 52. g4 a3 53. gxf5 gxf5 54. Qf3 Qg6+ 55. Kf2 Ke6 0-1

[Event "35. DSenEM 65+"]
[Site "Bad Wildungen"]
[Date "2023.07.22"]
[Round "6.24"]
[White "Biller, Helmut"]
[Black "Haelsig, Guenter"]
[Result "1/2-1/2"]
[WhiteElo "1980"]
[BlackElo "1894"]
[PlyCount "44"]
[EventDate "2023.??.??"]
[WhiteTeam "SF Frankfurt 1921"]
[BlackTeam "USV Potsdam e.V., Abt. Schach"]

1. d4 f5 2. Nf3 d6 3. g3 Nf6 4. Bg2 g6 5. O-O Bg7 6. b3 O-O 7. Bb2 c6 8. c4 Qc7 9. d5 e5 10. dxe6 Bxe6 11. Nbd2 Na6 12. Rc1 Rad8 13. Qc2 Nh5 14. Bxg7 Qxg7 15. e3 h6 16. Qc3 Rfe8 17. a3 g5 18. Qxg7+ Kxg7 19. b4 c5 20. b5 Nb8 21. Nb3 b6 22. Nfd2 d5 1/2-1/2

[Event "35. DSenEM 65+"]
[Site "Bad Wildungen"]
[Date "2023.07.22"]
[Round "6.25"]
[White "Clemens, Christian"]
[Black "Lehr, Thomas"]
[Result "1/2-1/2"]
[WhiteElo "2225"]
[BlackElo "1937"]
[PlyCount "28"]
[EventDate "2023.??.??"]
[WhiteTeam "SC Braunschweig Gliesmarode 1869"]
[BlackTeam "Husumer SV von 1898"]

1. g3 d5 2. Nf3 Bg4 3. Bg2 Nd7 4. h3 Bxf3 5. Bxf3 c6 6. d4 e6 7. Bf4 Ngf6 8. Qd3 Nb6 9. Nd2 Bd6 10. Bxd6 Qxd6 11. a4 O-O 12. O-O Rfc8 13. a5 Nbd7 14. Bg2 e5 1/2-1/2